Statistics for Premier League Team Logos Quiz!

Click here to take the quiz!

General Stats

  • This quiz has been taken 175 times
  • The average score is 8 of 15

Answer Stats

HintAnswer% Correct
12Chelsea
87%
15Liverpool
87%
8Arsenal
85%
2Manchester City
79%
1Manchester United
79%
4Tottenham
70%
9Everton
58%
5West Ham
52%
11Crystal Palace
46%
10Leicester City
46%
3Watford
34%
7Swansea
22%
14Stoke City
10%
13Southhampton
7%
6Bromwich
1%

Score Distribution

Percentile by Number Answered

Percent of People with Each Score

Your Score History

You have not taken this quiz